Životný štýl podľa krvných skupín [IV. časť] Krvná skupinaAB

Podrobná bibliografia
Hlavný autor: Dugová, Veronika (Autor)
Médium: Článok
Jazyk:slovenčina
ISSN:1335-9134
Predmet:

MARC

LEADER 00000nab a2200000 ar4500
001 vtls009938586
003 SK-MaSNL
005 20260304032503.0
008 090811c2009 xo |||||| | ||00 b|slo
015 |a SNBRB2009/08  |2 snkbucl 
038 |a SNKBUCL 
040 |a SNKBUCL  |b slo  |c SNKBUCL  |e AACR2 
041 0 |a slo 
044 |a xo  |c SK 
080 |a 316.728:612.118  |2 2001 
080 |a 612.118  |2 2001 
100 1 |a Dugová, Veronika  |4 aut  |9 1313271 
245 1 0 |a Životný štýl podľa krvných skupín  |n [IV. časť]  |p Krvná skupinaAB  |c text: Veronika Dugová 
650 0 7 |a životný štýl  |2 snkbucl  |9 1704 
650 0 7 |a krvné skupiny  |2 snkbucl  |9 2512 
773 0 |t Vitalita  |g Č. 4 (2009), s. 16  |x 1335-9134 
852 |a SNK  |b KIS3GCP 
958 |a MI 
999 |c 2643397  |d 2645327